Historians of medieval India: (Record no. 18407)

MARC details
000 -LEADER
fixed length control field 00927cam a22003011 4500
001 - CONTROL NUMBER
control field 9368331
003 - CONTROL NUMBER IDENTIFIER
control field BDDh-ASL
005 - DATE AND TIME OF LATEST TRANSACTION
control field 20231015025715.0
008 - FIXED-LENGTH DATA ELEMENTS--GENERAL INFORMATION
fixed length control field 790830s1960 enk b 000 0 eng
010 ## - LIBRARY OF CONGRESS CONTROL NUMBER
LC control number a 61004650
015 ## - NATIONAL BIBLIOGRAPHY NUMBER
National bibliography number GB60-7467
035 ## - SYSTEM CONTROL NUMBER
System control number (OCoLC)5328714
040 ## - CATALOGING SOURCE
Original cataloging agency DLC
Transcribing agency AzU
Modifying agency BDDh-ASL
-- DLC
042 ## - AUTHENTICATION CODE
Authentication code premarc
050 00 - LIBRARY OF CONGRESS CALL NUMBER
Classification number DS435
Item number .H3
082 ## - DEWEY DECIMAL CLASSIFICATION NUMBER
Classification number 920.5402
Item number HAH
100 1# - MAIN ENTRY--PERSONAL NAME
Personal name Hardy, Peter.
245 10 - TITLE STATEMENT
Title Historians of medieval India:
Remainder of title studies in Indo-Muslim historical writing/
260 ## - PUBLICATION, DISTRIBUTION, ETC.
Place of publication, distribution, etc. London:
Name of publisher, distributor, etc. Luzac,
Date of publication, distribution, etc. 1960.
300 ## - PHYSICAL DESCRIPTION
Extent v, 146 p.
Dimensions 22 cm.
500 ## - GENERAL NOTE
General note "Revised version of a thesis ... for the degree of doctor of philosophy of the University of London."
504 ## - BIBLIOGRAPHY, ETC. NOTE
Bibliography, etc. note Bibliography: p. [132]-136.
650 #0 - SUBJECT ADDED ENTRY--TOPICAL TERM
Topical term or geographic name entry element Historians
Geographic subdivision India.
650 #0 - SUBJECT ADDED ENTRY--TOPICAL TERM
Topical term or geographic name entry element Muslims
Geographic subdivision India.
651 #0 - SUBJECT ADDED ENTRY--GEOGRAPHIC NAME
Geographic name India
General subdivision Historiography.
906 ## - LOCAL DATA ELEMENT F, LDF (RLIN)
a 7
b cbc
c oclcrpl
d u
e ncip
f 19
g y-gencatlg
942 ## - ADDED ENTRY ELEMENTS (KOHA)
Source of classification or shelving scheme Dewey Decimal Classification
Koha item type Books
Holdings
Withdrawn status Lost status Source of classification or shelving scheme Damaged status Not for loan Collection code Home library Current library Shelving location Date acquired Source of acquisition Total Checkouts Full call number Barcode Date last seen Copy number Price effective from Koha item type Public note
    Dewey Decimal Classification   Not For Loan Non-fiction Asiatic Society Library Asiatic Society Library Harrison Collection 09/29/2020 Donated by Prof. John B. Harrison   920.5402 HAH 101593 09/29/2020 C-1 09/29/2020 Books RARE
    Dewey Decimal Classification     Non-fiction Asiatic Society Library Asiatic Society Library General Stacks 03/06/2021 Complementary   920.5402 HAH 107171 03/06/2021 C-2 03/06/2021 Books RARE
    Dewey Decimal Classification     Non-fiction Asiatic Society Library Asiatic Society Library General Stacks 03/06/2021 Complementary   920.5402 HAH 107172 03/06/2021 C-3 03/06/2021 Books RARE
    Dewey Decimal Classification Damaged   Non-fiction Asiatic Society Library Asiatic Society Library General Stacks 03/06/2021 ASB Library Collections   920.5402 HAH 107173 03/06/2021 C-4 03/06/2021 Books RARE

Powered by Koha